| 000 | 00620cab a22002175a 4500 | ||
|---|---|---|---|
| 001 | L154961 | ||
| 008 | 120210e20120204xxk 000 0 eng d | ||
| 035 | _a(Sirsi) u154961 | ||
| 041 | 0 | _aeng | |
| 100 | 1 | _aPoczok, Lidia | |
| 245 | 0 | 0 | _aInvesting in people? |
| 260 | _c2012 | ||
| 490 |
_aEstates Gazette _v(1205) 4 February 2012, 74-76(3) |
||
| 520 | _aExplains why property investors need to know about the transfer of employment regulations. | ||
| 590 | _aKA | ||
| 651 | 4 |
_aUnited Kingdom _y |
|
| 690 |
_aProperty management _96262 |
||
| 690 | _aBusiness and management | ||
| 700 | 1 | _aAllen, Tim | |
| 942 | _n0 | ||
| 999 |
_c83759 _d83759 |
||